Historia económica mundial : desde el paleolítico hasta el presente /

Guardado en:
Autor Principal: Cameron, Rondo
Otros Autores: Bengoechea, Mercedes, trad., Gallego, Consuelo, trad., Manso de Zúñiga, Nellie, trad., Fraile, Pedro, rev. técnica
Formato: Libro
Publicado: Madrid : Alianza, 1994
Edición:2a. ed.
Materias:
Etiquetas: Agregar Etiqueta
Sin Etiquetas, Sea el primero en etiquetar este registro!
LEADER 00804nam a22002535a 4500
001 EHU.bham044721
003 AR-BHAM
005 20170504114303.0
008 130507s1994##################000#0#####d
020 |a 8420681342 
082 3 3 |a 330.9 
100 1 |a Cameron, Rondo 
245 1 0 |a Historia económica mundial :  |b desde el paleolítico hasta el presente /  |c  Rondo Cameron : 
250 |a 2a. ed. 
260 |a Madrid :  |b Alianza,  |c 1994 
300 |a 499 p. 
500 |a Ejemplar fotocopiado 
653 |a Economía-historia de la 
653 |a Historia y economía 
700 1 |a Bengoechea, Mercedes, trad. 
700 1 |a Gallego, Consuelo, trad. 
700 1 |a Manso de Zúñiga, Nellie, trad. 
700 1 |a Fraile, Pedro, rev. técnica 
859 |a AR-BHAM  |b BIB. HUMANIDADES - General  |h 330.9  |i C145  |p 98.17  |t Ej.1